| 000 | nam a22 a 4500 | ||
|---|---|---|---|
| 999 |
_c1166 _d1166 |
||
| 003 | AKMAL | ||
| 005 | 20170508145036.0 | ||
| 008 | 170508s1989 my 00 may d | ||
| 020 |
_a9676902748: _cRM 38.00 |
||
| 040 | _aAKMAL | ||
| 082 | _a297.5 ASQ | ||
| 090 |
_a297.5 _bASQ |
||
| 100 | 1 |
_aal-Asqalani, Ibnu Hajar _92366 |
|
| 245 | 1 | 0 |
_aTerjemah bulughul maram lengkap dengan penjelasan-penjelasan / _cAl Hafizh bin Hajar Al Asqalani ; penterjemah H.Moh. Rifai, A.Qusyairi Misbah |
| 250 | _aEd. Malaysia | ||
| 260 |
_aBatu Caves, Selangor : _bThinker's Library, _c1989 |
||
| 300 |
_a936ms. ; _c23cm |
||
| 500 | _aTerjemahan dari: Bulughul maram | ||
| 650 |
_aIslamic law _xInterpretation and construction _91525 |
||
| 650 |
_aIslam _xCustoms and practices _91330 |
||
| 700 | 1 |
_aRifai, H. Moh. _92367 |
|
| 700 | 1 |
_aMisbah, A. Qusyairi _92368 |
|
| 942 |
_2ddc _cBOOK |
||